|
|
|
|
| LEADER |
01350cam a2200325 a 4500 |
| 001 |
2128325 |
| 005 |
19990830090044.0 |
| 008 |
990617s1998 nyua b 001 0 eng |
| 010 |
|
|
|a 97072529
|
| 020 |
|
|
|a 0395870852
|a 0395870844
|a 8185502552
|
| 040 |
|
|
|a DLC
|c DLC
|d DLC
|d BD-DhAAL
|
| 050 |
0 |
0 |
|a HD30.3
|b .O26 1998
|
| 082 |
0 |
0 |
|a 658.4/5
|2 21
|
| 999 |
|
|
|c 10934
|d 10934
|
| 999 |
|
|
|c 10934
|
| 100 |
1 |
|
|a Ober, Scot,
|d 1946-
|9 1274
|
| 245 |
1 |
0 |
|a Contemporary business communication /
|c Scot Ober.
|
| 246 |
1 |
|
|i Half title:
|a Guide to contemporary business communication
|
| 250 |
|
|
|a 3rd ed., Instructor's annotated ed.
|
| 260 |
|
|
|a Boston :
|b Houghton Mifflin Co. ;Chennai :AIPD,
|c 2000.
|
| 300 |
|
|
|a xxiv, 600 p. :
|b col. ill. ;
|c 26 cm.
|
| 504 |
|
|
|a Includes bibliographical references (p. 582-584) and index.
|
| 650 |
|
0 |
|a Communication in management.
|9 1275
|
| 650 |
|
0 |
|a Communication in organizations.
|9 1276
|
| 650 |
|
0 |
|a Business communication.
|9 1277
|
| 650 |
|
0 |
|a Business writing.
|9 1278
|
| 906 |
|
|
|a 7
|b cbc
|c orignew
|d 3
|e opcn
|f 19
|g y-gencatlg
|
| 942 |
|
|
|2 ddc
|c BK
|
| 955 |
|
|
|a pb18 06-17-99 to cat.; se00 06-21-99; se20 06-28-99; se05; to Dewey 08-27-99; aa11 08-30-99
|
| 952 |
|
|
|0 0
|1 0
|2 ddc
|4 0
|6 658_450000000000000_OBE
|7 0
|9 17155
|a BRACUL
|b BRACUL
|c GEN
|d 2011-06-08
|g 275.00
|l 1
|m 4
|o 658.45 OBE
|p 3010012217
|r 2018-04-09
|s 2018-03-13
|t 1
|w 2011-06-08
|y BK
|